| 000 | 00446nam a2200169Ia 4500 | ||
|---|---|---|---|
| 003 | GCL | ||
| 008 | 140319s9999 xx 000 0 eng d | ||
| 040 |
_aGCL / _cGCL |
||
| 082 | 0 | 4 |
_a332.10941 _bM B |
| 100 | 1 | _aMOLYNEUX, PHILIP | |
| 245 | 1 | 0 |
_aBANKING: AN INTRODUCTION TEXT / _cMOLYNEUX, PHILIP |
| 260 |
_a[S.N] : _bMACMILLAN EDUCATION L TD ، _c1991 |
||
| 300 | _a195 P P | ||
| 650 | 0 | 4 | _aBANKING |
| 650 | 0 | 4 | _aGREAT BRITAIN |
| 942 |
_2ddc _cBK |
||
| 999 |
_c16864 _d16864 |
||